| 000 | 00379 a2200169 4500 | ||
|---|---|---|---|
| 001 | 184417 | ||
| 020 | _a85-160-1858-X | ||
| 040 | _cMagnum | ||
| 100 | _aSteadman, Ralph | ||
| 240 | 1 | 0 |
_aUrsinho, cadê você? _lpor |
| 245 | 1 | 0 | _aUrsinho, cadê você? |
| 300 | _a | ||
| 362 | 0 | _a1998 | |
| 440 | 1 | _aModerna | |
| 697 | _aLITERATURA INFANTO-JUVENIL ESTRANGEIRA | ||
| 942 | _cBK | ||
| 999 |
_c184417 _d184417 |
||